Estadísticas para Municipios de Sinaloa

Haz click aquí para intentar la prueba.

Estadísticas generales

  • Esta prueba ha sido intentada 58 veces
  • La puntuación promedio es 11 de 18

Estadísticas de respuestas

Respuesta% Correcto
Culiacán
100%
Mazatlán
92%
El Fuerte
77%
Ahome
69%
Choix
69%
Guasave
69%
Badiraguato
62%
Cosalá
62%
Escuinapa
62%
Navolato
62%
Rosario
62%
Sinaloa de Leyva
54%
Mocorito
46%
Concordia
38%
Salvador Alvarado
38%
Angostura
31%
Elota
31%
San Ignacio
31%

Distribución de puntuación

Porcentaje por número respondido

Porcentaje de gente con cada puntuación

Historial de tus puntuaciones

No has intentado esta prueba.